<?xml version="1.0" encoding="UTF-8"?>
<collection xmlns="http://www.loc.gov/MARC21/slim">
 <record>
  <leader>00788nam a2200205 a 4500</leader>
  <controlfield tag="008">100613r19971995ii a     b    001 0 eng d</controlfield>
  <datafield tag="020" ind1=" " ind2=" ">
   <subfield code="a">8120309790</subfield>
  </datafield>
  <datafield tag="040" ind1=" " ind2=" ">
   <subfield code="a">DB-DhAAL</subfield>
   <subfield code="c">DB-DhAAL  </subfield>
  </datafield>
  <datafield tag="082" ind1="0" ind2="0">
   <subfield code="a">515/.353</subfield>
   <subfield code="2">20</subfield>
  </datafield>
  <datafield tag="100" ind1="1" ind2=" ">
   <subfield code="a">Rao, K. Sankara</subfield>
  </datafield>
  <datafield tag="245" ind1="0" ind2="0">
   <subfield code="a">Introduction to partial differential equations /</subfield>
   <subfield code="c">K. Sankara Rao</subfield>
  </datafield>
  <datafield tag="250" ind1=" " ind2=" ">
   <subfield code="a">6th ed.</subfield>
  </datafield>
  <datafield tag="250" ind1=" " ind2=" ">
   <subfield code="a">2nd ed.</subfield>
  </datafield>
  <datafield tag="260" ind1=" " ind2=" ">
   <subfield code="a">New Delhi :</subfield>
   <subfield code="b">Prentice-Hall of India, </subfield>
   <subfield code="c">c1995.[reprinted 1997]	</subfield>
  </datafield>
  <datafield tag="300" ind1=" " ind2=" ">
   <subfield code="a">X, 357 p. :</subfield>
   <subfield code="b">ill. ;</subfield>
   <subfield code="c">24 cm </subfield>
  </datafield>
  <datafield tag="541" ind1="1" ind2=" ">
   <subfield code="e">00012622</subfield>
  </datafield>
  <datafield tag="650" ind1=" " ind2="0">
   <subfield code="a">Differential equations, partial</subfield>
  </datafield>
  <datafield tag="852" ind1="4" ind2=" ">
   <subfield code="a">Ayesha Abed Library </subfield>
   <subfield code="j">General Shelf.</subfield>
  </datafield>
  <datafield tag="999" ind1=" " ind2=" ">
   <subfield code="c">8921</subfield>
   <subfield code="d">8921</subfield>
  </datafield>
  <datafield tag="952" ind1=" " ind2=" ">
   <subfield code="0">0</subfield>
   <subfield code="1">0</subfield>
   <subfield code="2">ddc</subfield>
   <subfield code="4">1</subfield>
   <subfield code="6">515_353000000000000_RAO</subfield>
   <subfield code="7">0</subfield>
   <subfield code="9">10915</subfield>
   <subfield code="a">BRACUL</subfield>
   <subfield code="b">BRACUL</subfield>
   <subfield code="c">SPS</subfield>
   <subfield code="d">2010-06-13</subfield>
   <subfield code="g">110.00</subfield>
   <subfield code="l">2</subfield>
   <subfield code="m">5</subfield>
   <subfield code="o">515.353 RAO</subfield>
   <subfield code="p">3010012622</subfield>
   <subfield code="r">2016-08-03</subfield>
   <subfield code="s">2016-04-07</subfield>
   <subfield code="t">1</subfield>
   <subfield code="w">2010-06-13</subfield>
   <subfield code="y">BK</subfield>
  </datafield>
 </record>
</collection>
